000 00909nam a22002771 4500
001 29423
003 BD-RjUL
005 20211209051418.0
008 140403s1953 caua 001 0 eng
035 _a(BD-RjUL)29508
035 _a(OCoLC)411664
040 _aDLC
_cODaWU
_dBD-RjUL
_beng
041 _aeng
082 _a915.15
_bSHT 1953
100 1 _aShên, Tsung-lien.
_989713
245 1 0 _aTibet and the Tibetans /
_cTsung-lien Shên and Shên-chi Liu, Foreword by George E. Taylor.
260 _aStanford ; Calif. :
_bStanford University Press,
_cc1953.
300 _ax, 199 p. :
_billus. ;
_c24 cm.
504 _aIncludes index.
651 0 _aTibet Autonomous Region (China)
_xHistory.
_977912
651 0 _aTibet Autonomous Region (China)
_xSocial life and customs.
_989714
700 1 _aLiu, Shêng-chi
_ejoint author.
_989715
942 _2ddc
_cBK
999 _c29423
_d29423